| 000 | 01240nam a2200313 a 4500 | ||
|---|---|---|---|
| 001 | ebr10747431 | ||
| 003 | CaPaEBR | ||
| 006 | m o u | ||
| 007 | cr cn||||||||| | ||
| 008 | 130828s2013 nju s 001 0 eng d | ||
| 020 | _z9781118671122 (pbk.) | ||
| 020 | _z9781118675694 (e-book) | ||
| 040 |
_aCaPaEBR _cCaPaEBR |
||
| 035 | _a(OCoLC)859159664 | ||
| 043 | _an-us--- | ||
| 050 | 1 | 4 |
_aKF1440 _b.S43 2013eb |
| 082 | 0 | 4 |
_a332.6076 _223 |
| 110 | 2 | _aSecurities Institute of America, Inc. | |
| 245 | 1 | 0 |
_aWiley series 66 exam review 2013 _h[electronic resource] : _bthe uniform combined state law examination / _cThe Securities Institute of America, Inc. |
| 260 |
_aHoboken, N.J. : _bWiley, _c2013. |
||
| 300 | _axv, 243 p. | ||
| 490 | 0 | _aWiley FINRA series | |
| 500 | _aIncludes index. | ||
| 533 |
_aElectronic reproduction. _bPalo Alto, Calif. : _cebrary, _d2013. _nAvailable via World Wide Web. _nAccess may be limited to ebrary affiliated libraries. |
||
| 650 | 0 |
_aSecurities _zUnited States _vProblems, exercises, etc. |
|
| 655 | 7 |
_aElectronic books. _2local |
|
| 710 | 2 | _aebrary, Inc. | |
| 856 | 4 | 0 |
_uhttp://site.ebrary.com/lib/rucke/Doc?id=10747431 _zAn electronic book accessible through the World Wide Web; click to view |
| 999 |
_c34951 _d34951 |
||